[Event "ITA-chT GpA 55th"]
[Site "Vasto"]
[Date "2024.04.11"]
[Round "6.5"]
[White "Jianu, Vlad Cristian"]
[Black "Fier, Alexandr"]
[Result "1/2-1/2"]
[WhiteElo "2491"]
[BlackElo "2566"]
[PlyCount "25"]
[EventDate "2024.04.08"]
[EventType "team-tourn"]
[EventRounds "7"]
[EventCountry "ITA"]
[SourceTitle "CB16_2024"]
[SourceDate "2024.04.17"]
[SourceVersion "1"]
[SourceVersionDate "2024.04.17"]
[SourceQuality "1"]
[WhiteTeam "Torino"]
[BlackTeam "Lazio Scacchi"]
[WhiteTeamCountry "ITA"]
[BlackTeamCountry "ITA"]

1. d4 Nf6 2. Nf3 e6 3. g3 d5 4. Bg2 Be7 5. 0-0 0-0 6. c4 dxc4 7. Qc2 b5 8. a4 Bb7 9. axb5 a6 10. bxa6 Nxa6 11. Qxc4 Bd5 12. Qc3 c5 13. Be3 1/2-1/2

[Event "Titled Tuesday intern op 02nd Apr Early"]
[Site "Chess.com INT"]
[Date "2024.04.02"]
[Round "5"]
[White "Ilinca Ilinca, Felix Antonio"]
[Black "Fier, Alexandr"]
[Result "0-1"]
[WhiteElo "2371"]
[BlackElo "2566"]
[PlyCount "94"]
[EventDate "2024.04.02"]
[EventType "swiss (blitz)"]
[EventRounds "11"]
[EventCountry "USA"]
[SourceTitle "CB15_2024"]
[SourceDate "2024.04.10"]
[SourceVersion "1"]
[SourceVersionDate "2024.04.10"]
[SourceQuality "1"]

1. d4 Nf6 2. Nc3 c5 3. d5 g6 4. e4 d6 5. Nf3 Bg7 6. Bb5+ Bd7 7. a4 0-0 8. 0-0 Na6 9. h3 Nc7 10. Be2 a6 11. a5 Bb5 12. Re1 Bxe2 13. Qxe2 Nd7 14. Bf4 f6 15. Bg3 Rb8 16. Nd2 Ne5 17. f4 Nf7 18. Nc4 Nb5 19. Nxb5 axb5 20. Nb6 b4 21. c3 bxc3 22. bxc3 Re8 23. Qc4 Qc7 24. Rab1 Rf8 25. Qb5 Rfd8 26. c4 Bh6 27. Rb2 Bg7 28. Rbe2 Kh8 29. h4 Rg8 30. Kf2 Bh6 31. Qb2 Bg7 32. h5 gxh5 33. Rh1 Bh6 34. Rxh5 Rg4 35. Kf3 Rbg8 36. Rh3 Qd8 37. Re1 Qf8 38. Reh1 Qg7 39. Qf2 Qg6 40. Nd7 Rd8 41. Nb6 Rf8 42. Nd7 Ng5+ 43. Ke2 Qxe4+ 44. Kd2 Qxc4 45. fxg5 Bxg5+ 46. Ke1 Re4+ 47. Kd1 Qc1# 0-1

[Event "Osasco Tasoko Memorial"]
[Site "Osasco"]
[Date "2024.03.26"]
[Round "9"]
[White "Fier, Alexandr"]
[Black "Do Valle Cardoso, Lucas"]
[Result "1-0"]
[WhiteElo "2561"]
[BlackElo "2406"]
[PlyCount "49"]
[EventDate "2024.03.18"]
[EventType "tourn"]
[EventRounds "9"]
[EventCountry "BRA"]
[EventCategory "6"]
[SourceTitle "CB13_2024"]
[SourceDate "2024.03.27"]
[SourceVersion "1"]
[SourceVersionDate "2024.03.27"]
[SourceQuality "1"]

1. d4 Nf6 2. c4 g6 3. Nc3 d5 4. cxd5 Nxd5 5. e4 Nxc3 6. bxc3 Bg7 7. Nf3 c5 8. Bb5+ Nc6 9. 0-0 0-0 10. Bxc6 bxc6 11. Qc2 Qa5 12. a4 Rd8 13. Ba3 cxd4 14. cxd4 e6 15. Bc5 Ba6 16. Rfe1 Bd3 17. Qc1 f5 18. exf5 exf5 19. Ne5 Qa6 20. Qc3 Be4 21. Qg3 Rd5 22. Qb3 Bxe5 23. dxe5 Qd3 24. Qb7 Rad8 25. e6 1-0

[Event "Titled Tuesday intern op 13th Feb Late"]
[Site "Chess.com INT"]
[Date "2024.02.13"]
[Round "11"]
[White "Fier, Alexandr"]
[Black "Shapiro, Viktor"]
[Result "1-0"]
[WhiteElo "2553"]
[BlackElo "2113"]
[PlyCount "109"]
[EventDate "2024.02.13"]
[EventType "swiss (blitz)"]
[EventRounds "11"]
[EventCountry "USA"]
[SourceTitle "CB08_2024"]
[SourceDate "2024.02.21"]
[SourceVersion "1"]
[SourceVersionDate "2024.02.21"]
[SourceQuality "1"]

1. e4 Nf6 2. e5 Nd5 3. d4 d6 4. c4 Nb6 5. f4 dxe5 6. fxe5 c5 7. d5 g6 8. Nc3 Bg7 9. Bf4 0-0 10. Be2 e6 11. Nf3 exd5 12. cxd5 Bg4 13. 0-0 N8d7 14. Ng5 Bxe2 15. Qxe2 Nxe5 16. Qe3 Nbc4 17. Qh3 h6 18. Nge4 g5 19. Bxe5 Nxe5 20. Ng3 g4 21. Qh5 Qg5 22. Qxg5 hxg5 23. Nce4 Nd7 24. Nf5 Bxb2 25. Rab1 Bd4+ 26. Kh1 b6 27. Nxg5 Bf6 28. Ne4 Rae8 29. Nfd6 Bd4 30. Nxe8 Rxe8 31. Rf4 f5 32. Nd6 Be5 33. Re1 Bxf4 34. Rxe8+ Nf8 35. Nxf5 Kf7 36. Ra8 c4 37. Rxa7+ Kf6 38. Nd4 Ke5 39. Ne2 Bg5 40. Rf7 Ng6 41. d6 Kxd6 42. Rg7 Nf4 43. Nc3 Ne6 44. Rg8 Ke5 45. Rc8 Kd4 46. Na4 b5 47. Nb6 Bd8 48. Nd7 c3 49. Kg1 Bb6 50. Kf1 b4 51. Nxb6 Kd3 52. Nd5 Nd4 53. Nxb4+ Kd2 54. a4 c2 55. Nxc2 1-0

[Event "Titled Tuesday intern op 13th Feb Late"]
[Site "Chess.com INT"]
[Date "2024.02.13"]
[Round "7"]
[White "Korkmaz, Necmettin"]
[Black "Fier, Alexandr"]
[Result "0-1"]
[WhiteElo "2013"]
[BlackElo "2553"]
[PlyCount "78"]
[EventDate "2024.02.13"]
[EventType "swiss (blitz)"]
[EventRounds "11"]
[EventCountry "USA"]
[SourceTitle "CB08_2024"]
[SourceDate "2024.02.21"]
[SourceVersion "1"]
[SourceVersionDate "2024.02.21"]
[SourceQuality "1"]

1. e4 Nf6 2. e5 Nd5 3. d4 d6 4. c4 Nb6 5. exd6 cxd6 6. Nc3 g6 7. Be3 Bg7 8. Rc1 0-0 9. b3 Bf5 10. Nf3 Bg4 11. Be2 Nc6 12. 0-0 d5 13. c5 Nc8 14. h3 Bxf3 15. Bxf3 e6 16. b4 N8e7 17. b5 Na5 18. Re1 Nf5 19. Be2 a6 20. bxa6 bxa6 21. Na4 Nc6 22. Nb6 Ra7 23. Qa4 Nfxd4 24. Bxd4 Nxd4 25. Bxa6 Qg5 26. Kf1 Qf4 27. c6 Qh2 28. f3 Be5 29. c7 Bxc7 30. Qxd4 Rxa6 31. Nd7 Qh1+ 32. Qg1 Qxg1+ 33. Kxg1 Bb6+ 34. Kf1 Rd8 35. Ne5 Rxa2 36. Re2 Rda8 37. Rb1 Ra1 38. Reb2 Bd4 39. Rb8+ Rxb8 0-1

[Event "Titled Tuesday intern op 13th Feb Late"]
[Site "Chess.com INT"]
[Date "2024.02.13"]
[Round "5"]
[White "Lazavik, Denis"]
[Black "Fier, Alexandr"]
[Result "0-1"]
[WhiteElo "2567"]
[BlackElo "2553"]
[PlyCount "66"]
[EventDate "2024.02.13"]
[EventType "swiss (blitz)"]
[EventRounds "11"]
[EventCountry "USA"]
[SourceTitle "CB08_2024"]
[SourceDate "2024.02.21"]
[SourceVersion "1"]
[SourceVersionDate "2024.02.21"]
[SourceQuality "1"]

1. d4 Nf6 2. c4 c5 3. d5 e6 4. Nc3 exd5 5. cxd5 d6 6. Nf3 g6 7. h3 Bg7 8. e4 0-0 9. Bd3 b5 10. Bxb5 Nxe4 11. Nxe4 Qa5+ 12. Nfd2 Qxb5 13. Nxd6 Qa6 14. N2c4 Nd7 15. 0-0 Ne5 16. Nxc8 Raxc8 17. Nxe5 Bxe5 18. Re1 Qd6 19. Bg5 Rfe8 20. Qa4 Qxd5 21. Rad1 Qa8 22. Qc2 Bd4 23. b3 Rxe1+ 24. Rxe1 Re8 25. Qd2 Rxe1+ 26. Qxe1 Kg7 27. Qe7 Qd5 28. Be3 a5 29. Qg5 Qe4 30. Qf4 Qd5 31. Qh6+ Kg8 32. Qg5 Qe4 33. Qf4 Qd5 0-1

[Event "Titled Tuesday intern op 13th Feb Late"]
[Site "Chess.com INT"]
[Date "2024.02.13"]
[Round "3"]
[White "Sjugirov, Sanan"]
[Black "Fier, Alexandr"]
[Result "0-1"]
[WhiteElo "2695"]
[BlackElo "2553"]
[PlyCount "74"]
[EventDate "2024.02.13"]
[EventType "swiss (blitz)"]
[EventRounds "11"]
[EventCountry "USA"]
[SourceTitle "CB08_2024"]
[SourceDate "2024.02.21"]
[SourceVersion "1"]
[SourceVersionDate "2024.02.21"]
[SourceQuality "1"]

1. e4 Nf6 2. e5 Nd5 3. d4 d6 4. Nf3 g6 5. Bc4 Nb6 6. Bb3 Bg7 7. 0-0 0-0 8. h3 Nc6 9. Qe2 Na5 10. Nc3 Nxb3 11. axb3 a5 12. Bg5 f6 13. Be3 fxe5 14. dxe5 d5 15. Bxb6 cxb6 16. Nd4 e6 17. f4 Qe7 18. Kh1 Bd7 19. Qg4 Rac8 20. h4 Qf7 21. Nce2 Kh8 22. c3 Rg8 23. Ng1 Bf8 24. Ngf3 h6 25. Qh3 Be7 26. Rae1 Rcf8 27. g3 b5 28. Kg2 b4 29. Ng5 Qe8 30. Ngxe6 Qc8 31. f5 Bxe6 32. Nxe6 Rxf5 33. Rxf5 gxf5 34. Qxf5 bxc3 35. Qf7 Bxh4 36. Re3 cxb2 37. Nf4 b1Q 0-1

[Event "Titled Tuesday intern op 16th Jan Late"]
[Site "Chess.com INT"]
[Date "2024.01.16"]
[Round "4"]
[White "Fier, Alexandr"]
[Black "Ozates, Tuna"]
[Result "0-1"]
[WhiteElo "2549"]
[BlackElo "2290"]
[PlyCount "124"]
[EventDate "2024.01.16"]
[EventType "swiss (blitz)"]
[EventRounds "11"]
[EventCountry "USA"]
[SourceTitle "CB04_2024"]
[SourceDate "2023.10.16"]
[SourceVersion "1"]
[SourceVersionDate "2023.10.16"]
[SourceQuality "1"]

1. d4 Nf6 2. Bg5 Ne4 3. h4 c5 4. dxc5 Nxc5 5. Nc3 Nc6 6. e4 d6 7. Qd2 Be6 8. 0-0-0 Rc8 9. f3 a6 10. Nge2 Qa5 11. a3 b5 12. Nd5 Qd8 13. Kb1 Ne5 14. Nef4 h6 15. Nxe6 fxe6 16. Bf4 exd5 17. exd5 g6 18. h5 g5 19. Bxe5 dxe5 20. g3 Qd6 21. Bh3 Rc7 22. Bf5 Bg7 23. Bg6+ Kd8 24. Rhe1 e4 25. fxe4 Be5 26. c3 Kc8 27. Re3 Kb7 28. Rf3 Na4 29. g4 a5 30. Rc1 Ka6 31. Qe2 Rc4 32. Rd3 Rhc8 33. Kc2 Kb7 34. Kd1 b4 35. axb4 axb4 36. Ke1 Qb6 37. Kf1 Rf8+ 38. Bf5 bxc3 39. bxc3 Nxc3 40. Qe3 Qxe3 41. Rxe3 Ra8 42. Rf3 Ra2 43. Be6 Rxe4 44. d6 exd6 45. Bxa2 Nxa2 46. Rb3+ Rb4 47. Rxb4+ Nxb4 48. Rb1 Bc3 49. Ke2 Kc6 50. Ke3 Kc5 51. Ke4 d5+ 52. Kf5 d4 53. Kg6 d3 54. Kxh6 Bd2 55. Kg6 Nc6 56. Rd1 Bf4 57. h6 Ne5+ 58. Kg7 Nxg4 59. h7 Be5+ 60. Kg6 Kd4 61. Kf5 Ne3+ 62. Kxg5 Nxd1 0-1

[Event "Titled Tuesday intern op 16th Jan Late"]
[Site "Chess.com INT"]
[Date "2024.01.16"]
[Round "3"]
[White "Martinez Alcantara, Jose Eduardo"]
[Black "Fier, Alexandr"]
[Result "1-0"]
[WhiteElo "2610"]
[BlackElo "2549"]
[PlyCount "141"]
[EventDate "2024.01.16"]
[EventType "swiss (blitz)"]
[EventRounds "11"]
[EventCountry "USA"]
[SourceTitle "CB04_2024"]
[SourceDate "2023.10.16"]
[SourceVersion "1"]
[SourceVersionDate "2023.10.16"]
[SourceQuality "1"]

1. e4 c5 2. Nf3 Nc6 3. c3 Nf6 4. Bd3 d5 5. e5 Nd7 6. Bb5 e6 7. d4 Qb6 8. Ba4 Be7 9. 0-0 0-0 10. a3 a5 11. Bc2 f5 12. a4 cxd4 13. cxd4 Nb4 14. Nc3 Nxc2 15. Qxc2 Nb8 16. Nb5 Bd7 17. Qe2 h6 18. Bd2 Na6 19. Rfc1 Rac8 20. Nd6 Rxc1+ 21. Bxc1 Bxd6 22. exd6 Qxd6 23. Ne5 Nb4 24. Bf4 Nc6 25. Qe3 Nxe5 26. Bxe5 Qe7 27. h3 Rc8 28. b3 Rc2 29. Qd3 Rc8 30. Rd1 Qb4 31. Qg3 Qf8 32. h4 Kh7 33. Kh2 Qf7 34. Rd3 Rg8 35. Rc3 Bc6 36. Qh3 Qh5 37. f4 Qg4 38. Qxg4 fxg4 39. h5 g6 40. hxg6+ Kxg6 41. Kg3 Kf5 42. Rc1 h5 43. Rh1 Be8 44. Rc1 Bc6 45. Rh1 Kg6 46. Re1 Re8 47. Kh4 Re7 48. Bd6 Re8 49. Re5 Rh8 50. Rxe6+ Kf7 51. Re7+ Kf6 52. Re1 Kf5 53. Re5+ Kf6 54. Be7+ Kf7 55. f5 Bd7 56. f6 Be6 57. Rg5 Rg8 58. Rxh5 g3 59. Rh7+ Ke8 60. Bd6 Bf7 61. Bxg3 Rg6 62. Be5 Rxg2 63. Rh8+ Kd7 64. Rb8 Ke6 65. Rxb7 Bg6 66. Re7+ Kf5 67. f7 Bxf7 68. Rxf7+ Ke4 69. Ra7 Rb2 70. Rxa5 Rxb3 71. Kg5 1-0

[Event "Titled Tuesday intern op 09th Jan Early"]
[Site "Chess.com INT"]
[Date "2024.01.09"]
[Round "6"]
[White "Fier, Alexandr"]
[Black "Kanyamarala, Trisha"]
[Result "1-0"]
[WhiteElo "2549"]
[BlackElo "2201"]
[PlyCount "91"]
[EventDate "2024.01.09"]
[EventType "swiss (blitz)"]
[EventRounds "11"]
[EventCountry "USA"]
[SourceTitle "CB03_2024"]
[SourceDate "2024.01.17"]
[SourceVersion "1"]
[SourceVersionDate "2024.01.17"]
[SourceQuality "1"]

1. d4 Nf6 2. Bg5 d5 3. Bxf6 exf6 4. e3 g6 5. g3 Bg7 6. Bg2 0-0 7. Ne2 c6 8. Nd2 Be6 9. b3 Nd7 10. c4 Nb6 11. c5 Nd7 12. b4 a5 13. a3 Re8 14. 0-0 Bf5 15. Qb3 Qc7 16. b5 a4 17. Qb4 Bd3 18. Rfe1 Bxb5 19. Rab1 Qa5 20. Nc3 Qxb4 21. Rxb4 Ba6 22. Rxa4 f5 23. Rc1 Bf8 24. Rb4 b6 25. Rbb1 bxc5 26. dxc5 Nxc5 27. Nf3 Nd3 28. Rc2 Bxa3 29. Nd4 Nb4 30. Rd2 Bc4 31. Bf1 Bxf1 32. Kxf1 Rec8 33. h3 c5 34. Ndb5 d4 35. exd4 cxd4 36. Rxd4 Nc6 37. Rd7 Ne5 38. Rb7 Bf8 39. Nd5 Rd8 40. Nbc7 Ra2 41. Nf6+ Kg7 42. Nce8+ Kh8 43. Re1 Bg7 44. Rxe5 Rdd2 45. Rb8 Rxf2+ 46. Ke1 1-0

[Event "Titled Tuesday intern op 09th Jan Early"]
[Site "Chess.com INT"]
[Date "2024.01.09"]
[Round "9"]
[White "Fier, Alexandr"]
[Black "Kuzubov, Yuriy"]
[Result "0-1"]
[WhiteElo "2549"]
[BlackElo "2605"]
[PlyCount "138"]
[EventDate "2024.01.09"]
[EventType "swiss (blitz)"]
[EventRounds "11"]
[EventCountry "USA"]
[SourceTitle "CB03_2024"]
[SourceDate "2024.01.17"]
[SourceVersion "1"]
[SourceVersionDate "2024.01.17"]
[SourceQuality "1"]

1. c4 e5 2. Nc3 Bb4 3. Nd5 a5 4. Nf3 d6 5. e3 Nf6 6. a3 Bc5 7. d4 Nxd5 8. dxc5 Nf6 9. cxd6 Qxd6 10. Qxd6 cxd6 11. Be2 Be6 12. 0-0 Nbd7 13. Rd1 Ke7 14. a4 Nc5 15. Nd2 Bf5 16. b3 Bc2 17. Re1 Bxb3 18. Ba3 Bc2 19. Rec1 Bf5 20. f3 Rhc8 21. e4 Bd7 22. Rab1 Bxa4 23. Nf1 Bc6 24. Ne3 g6 25. Rd1 Rab8 26. Bc1 Nfd7 27. Ba3 Nf8 28. Nd5+ Bxd5 29. cxd5 Nfd7 30. Rb5 b6 31. Rc1 Rc7 32. Bf1 Rbc8 33. g3 Nb7 34. Ra1 Rc3 35. Bh3 Rxf3 36. Bxd7 Kxd7 37. Rxb6 Rc7 38. Rab1 Rxa3 39. Rxb7 Rac3 40. Rb8 Rc1+ 41. Rxc1 Rxc1+ 42. Kg2 h5 43. Ra8 Rc4 44. Ra7+ Ke8 45. Kf3 a4 46. h4 f5 47. exf5 gxf5 48. Ke3 f4+ 49. gxf4 Rxf4 50. Ra6 Ke7 51. Ra7+ Kd8 52. Ra6 Kc7 53. Ra7+ Kb6 54. Ra8 Kc5 55. Ra5+ Kc4 56. Rxa4+ Kxd5 57. Rxf4 exf4+ 58. Kxf4 Ke6 59. Ke4 d5+ 60. Kd4 Kd6 61. Kd3 Ke5 62. Ke3 Kf5 63. Kd4 Ke6 64. Kd3 Ke5 65. Ke3 Kf5 66. Kd4 Kg4 67. Kxd5 Kxh4 68. Ke4 Kg3 69. Ke3 h4 0-1

[Event "Titled Tuesday intern op 09th Jan Early"]
[Site "Chess.com INT"]
[Date "2024.01.09"]
[Round "5"]
[White "Paravyan, David"]
[Black "Fier, Alexandr"]
[Result "1-0"]
[WhiteElo "2612"]
[BlackElo "2549"]
[PlyCount "61"]
[EventDate "2024.01.09"]
[EventType "swiss (blitz)"]
[EventRounds "11"]
[EventCountry "USA"]
[SourceTitle "CB03_2024"]
[SourceDate "2024.01.17"]
[SourceVersion "1"]
[SourceVersionDate "2024.01.17"]
[SourceQuality "1"]

1. e4 Nf6 2. e5 Nd5 3. d4 d6 4. c4 Nb6 5. exd6 cxd6 6. h3 g6 7. Nf3 Bg7 8. Be2 0-0 9. 0-0 Nc6 10. d5 Na5 11. Nbd2 Qc7 12. a4 Nbxc4 13. Nxc4 Nxc4 14. Qc2 Bf5 15. Qxc4 Qxc4 16. Bxc4 Rfb8 17. Re1 Rc8 18. Bb3 Bc2 19. Bxc2 Rxc2 20. Rxe7 Rac8 21. Be3 Rxb2 22. Bd4 Bxd4 23. Nxd4 Rd2 24. Nb5 Rxd5 25. Nxa7 Ra8 26. Rxb7 Ra5 27. Nb5 Rxa4 28. Rxa4 Rxa4 29. Nxd6 Rf4 30. g3 Rf6 31. Rb8+ 1-0

[Event "Titled Tuesday intern op 09th Jan Early"]
[Site "Chess.com INT"]
[Date "2024.01.09"]
[Round "11"]
[White "Vakhidov, Shahzod"]
[Black "Fier, Alexandr"]
[Result "0-1"]
[WhiteElo "2312"]
[BlackElo "2549"]
[PlyCount "50"]
[EventDate "2024.01.09"]
[EventType "swiss (blitz)"]
[EventRounds "11"]
[EventCountry "USA"]
[SourceTitle "CB03_2024"]
[SourceDate "2024.01.17"]
[SourceVersion "1"]
[SourceVersionDate "2024.01.17"]
[SourceQuality "1"]

1. d4 Nf6 2. Nf3 c5 3. d5 g6 4. g3 Bg7 5. c4 0-0 6. Nc3 e6 7. Bg2 exd5 8. cxd5 d6 9. 0-0 Re8 10. Re1 a6 11. a4 Ne4 12. Nxe4 Rxe4 13. Qc2 Rb4 14. Ra2 a5 15. Bd2 Na6 16. Bc3 Bd7 17. Raa1 Rc8 18. Nd2 Qe8 19. b3 Rd4 20. Nc4 Nb4 21. Qb2 Rxc4 22. Bxg7 Rc2 23. Qf6 Qd8 24. Qxd6 Kxg7 25. e4 Qf6 0-1

[Event "Titled Tuesday intern op 14th Nov Early"]
[Site "Chess.com INT"]
[Date "2023.11.14"]
[Round "1"]
[White "Estrada Nieto, Julian"]
[Black "Fier, Alexandr"]
[Result "0-1"]
[WhiteElo "2212"]
[BlackElo "2570"]
[PlyCount "102"]
[EventDate "2023.11.14"]
[EventType "swiss (blitz)"]
[EventRounds "11"]
[EventCountry "USA"]
[SourceTitle "CB47_2023"]
[SourceDate "2023.11.22"]
[SourceVersion "1"]
[SourceVersionDate "2023.11.22"]
[SourceQuality "1"]

1. e4 d6 2. d4 Nf6 3. Nc3 g6 4. Nf3 Bg7 5. Be2 0-0 6. 0-0 a6 7. a4 Nc6 8. d5 Nb4 9. a5 e6 10. Bg5 h6 11. Bh4 g5 12. Bg3 e5 13. h4 Nh5 14. hxg5 Nxg3 15. fxg3 hxg5 16. Nh2 f5 17. Ra4 c5 18. exf5 Bxf5 19. Rxf5 Rxf5 20. Ne4 Bf8 21. c3 Nc6 22. dxc6 bxc6 23. Bg4 Rf6 24. Nxf6+ Qxf6 25. Qf3 Qxf3 26. Bxf3 d5 27. Ng4 Bg7 28. Ra3 Rb8 29. b3 e4 30. Be2 Bxc3 31. Bxa6 Bd4+ 32. Kf1 c4 33. bxc4 Rb1+ 34. Ke2 Rb2+ 35. Kd1 Kf7 36. cxd5 cxd5 37. Be2 Ke6 38. a6 Ba7 39. Ne3 d4 40. Bg4+ Ke7 41. Nd5+ Kd6 42. Kc1 Rxg2 43. Rb3 Kxd5 44. Rb7 Bc5 45. Bd7 Ra2 46. Bb5 d3 47. Rd7+ Ke5 48. Bc6 Be3+ 49. Kb1 Rxa6 50. Rd5+ Kf6 51. Bb5 Rb6 0-1